000 00555nam a22001577a 4500
005 20251001111627.0
008 231128b ||||| |||| 00| 0 eng d
082 _aDFil 336.24 Am74 2023
100 _aAmpongan, Omar Erasmo G.
_950221
245 _aIncome taxation :
_b(includes CREATE ACT) /
_cOmar Erasmo G. Ampongan.
250 _a17th edition.
260 _a[Manila] :
_b[Publisher not identified],
_c©[2020?].
300 _a688 pages :
_billustrations ;
_c21 cm.
650 _a Income tax
_xLaw legislation
_zPhilippines.
_950343
942 _2ddc
_cDFIL
999 _c18529
_d18529